Un hombre de Dios y de los pequeños: Juan Enrique Walker Concha ss. cc
I tiakina i:
| Kaituhi rangatōpū: | |
|---|---|
| Hōputu: | Pukapuka |
| Reo: | Pāniora |
| I whakaputaina: |
Santiago
Congregación de los Sagrados Corazones
2005
|
| Putanga: | 1a. ed |
| Ngā marau: | |
| Ngā Tūtohu: |
Tāpirihia he Tūtohu
Kāore He Tūtohu, Me noho koe te mea tuatahi ki te tūtohu i tēnei pūkete!
|
MARC
| LEADER | 00000cam a2200000 a 4500 | ||
|---|---|---|---|
| 001 | UCD2307 | ||
| 003 | CL-VaPUC | ||
| 008 | 160421e20050513cl |||||||||||||||||spa|d | ||
| 020 | |a 9568048030 | ||
| 082 | 0 | 4 | |a 271.083 |b CON |2 21 |
| 110 | 2 | |a Congregación de los Sagrados Corazones |e author |9 585629 | |
| 245 | 1 | 3 | |a Un hombre de Dios y de los pequeños: Juan Enrique Walker Concha ss. cc |
| 250 | |a 1a. ed | ||
| 300 | |a 80 p | ||
| 942 | |c BK | ||
| 945 | |d 20160421 23:07:00 |a arojas | ||
| 260 | |a Santiago |b Congregación de los Sagrados Corazones |c 2005 | ||
| 600 | 0 | 7 | |a CHILE |2 CL-VaPUC |9 544753 |
| 650 | 0 | |a Iglesia Católica |9 256114 | |
| 650 | 0 | |a Clero |9 257091 | |
| 650 | 0 | |a Biografías |9 255210 | |
| 583 | |a last modification |c 20160421 23:07:00 |k Rodrigo Vera | ||
| 999 | |c 363470 |d 363468 | ||
| 952 | |0 0 |1 0 |3 erb |4 0 |6 271_083000000000000_CON_2005 |7 0 |8 A |9 475900 |a BIBAGR |b BIBAGR |i 5282284 |o 271.083 CON 2005 |p 5282284 |r 2025-01-20 |w 2019-11-24 |y BK |z Catalogado en:20160421 |k AGR | ||